000
00304 a2200121 4500
001
64976
040
_c
Anchieta - Pituba
240
1
0
_a
1ª Avaliação de Geografia, 3ª série
_l
por
245
1
0
_a
1ª Avaliação de Geografia, 3ª série
362
0
_a
2018
650
4
_a
Geografia e História
942
_c
BK
999
_c
64976
_d
64976